[Event "HUN-chT2 Charousek 1819"]
[Site "Hungary"]
[Date "2019.03.31"]
[Round "10.11"]
[White "Timko, Melinda"]
[Black "Balogh, Peter1111"]
[Result "0-1"]
[WhiteElo "2036"]
[BlackElo "2049"]
[PlyCount "48"]
[EventDate "2018.09.23"]
[EventType "team-tourn"]
[EventRounds "11"]
[EventCountry "HUN"]
[SourceTitle "EXT 2021"]
[Source "ChessBase"]
[SourceDate "2020.10.23"]
[SourceVersion "1"]
[SourceVersionDate "2020.10.23"]
[SourceQuality "1"]
[WhiteTeam "Budapest HUSI"]
[BlackTeam "Gyor Szechenyi"]
[WhiteTeamCountry "HUN"]
[BlackTeamCountry "HUN"]

1. Nf3 Nc6 2. d4 d5 3. c4 Bg4 4. Nbd2 dxc4 5. Qa4 Qd7 6. Qxc4 0-0-0 7. e3 Bxf3 8. Nxf3 e5 9. Be2 Bb4+ 10. Kf1 exd4 11. exd4 Nf6 12. Bf4 Rhe8 13. Bg5 h6 14. Bf4 Nd5 15. Bg3 f5 16. Be5 g5 17. a3 Ba5 18. b4 Bb6 19. h3 g4 20. hxg4 fxg4 21. Nd2 Rf8 22. Kg1 Nxe5 23. dxe5 Bxf2+ 24. Kf1 Ne3# 0-1

[Event "HUN-chT 1718"]
[Site "Hungary"]
[Date "2018.05.05"]
[Round "8.12"]
[White "Borhy, Marcell Boldizsar"]
[Black "Timko, Melinda"]
[Result "1-0"]
[WhiteElo "2131"]
[BlackElo "2028"]
[PlyCount "63"]
[EventDate "2017.11.25"]
[EventType "team-tourn"]
[EventRounds "9"]
[EventCountry "HUN"]
[SourceTitle "EXT 2019"]
[Source "ChessBase"]
[SourceDate "2018.10.10"]
[SourceVersion "1"]
[SourceVersionDate "2018.10.10"]
[SourceQuality "1"]
[WhiteTeam "HVSE Infraplan"]
[BlackTeam "Husi"]
[WhiteTeamCountry "HUN"]
[BlackTeamCountry "HUN"]

1. d4 Nf6 2. c4 c6 3. Nc3 d5 4. cxd5 cxd5 5. Bf4 e6 6. e3 Bd7 7. Qb3 Nc6 8. Qxb7 Bb4 9. Bc7 Qc8 10. Ba6 0-0 11. Rc1 Qe8 12. Nge2 Qe7 13. a3 Ba5 14. Bb5 Rab8 15. Bxb8 Rxb8 16. Bxc6 Rxb7 17. Bxb7 Bb5 18. b4 Bxb4 19. axb4 Bxe2 20. Nxd5 Qxb7 21. Rc8+ Qxc8 22. Ne7+ Kf8 23. Nxc8 Ba6 24. Nxa7 Ke7 25. b5 Bb7 26. 0-0 Nd7 27. Rc1 Kd6 28. Nc8+ Kd5 29. e4+ Kxd4 30. Rd1+ Ke5 31. Rxd7 Bxc8 32. Rc7 1-0

[Event "HUN-chT2 Maroczy 0809"]
[Site "Hungary"]
[Date "2009.01.25"]
[Round "6"]
[White "Timko, Melinda"]
[Black "Mullner, Imre"]
[Result "0-1"]
[WhiteElo "2052"]
[BlackElo "2237"]
[PlyCount "67"]
[EventDate "2008.10.26"]
[EventType "team-tourn"]
[EventRounds "11"]
[EventCountry "HUN"]
[SourceTitle "EXT 2010"]
[Source "ChessBase"]
[SourceDate "2010.11.25"]
[SourceVersion "1"]
[SourceVersionDate "2010.11.25"]
[SourceQuality "1"]
[WhiteTeam "Husi"]
[BlackTeam "MLTC II"]
[WhiteTeamCountry "HUN"]
[BlackTeamCountry "HUN"]

1. d4 Nf6 2. Nf3 e6 3. c4 d5 4. e3 c5 5. Bd3 Nc6 6. 0-0 Be7 7. b3 cxd4 8. exd4 0-0 9. Bb2 b6 10. Nbd2 Bb7 11. Rc1 Rc8 12. Qe2 Nd7 13. Bb1 Re8 14. Qd3 Nf8 15. Rfd1 Ng6 16. Ne5 Bg5 17. a3 Bf4 18. Nxg6 hxg6 19. Rc2 Qf6 20. Nf3 Ba6 21. Bc1 Bxc1 22. Rcxc1 Qe7 23. Qe3 Qxa3 24. Qf4 Qe7 25. Ng5 f6 26. Bxg6 fxg5 27. Qg4 Red8 28. Rc3 Qf6 29. Qh5 Nxd4 30. Rh3 Kf8 31. Qg4 dxc4 32. Rh8+ Ke7 33. Rxd8 Rxd8 34. Qg3 0-1

[Event "HUN-chT2 Charousek 0708"]
[Site "Hungary"]
[Date "2008.05.18"]
[Round "11"]
[White "Kovacs, Dezso"]
[Black "Timko, Melinda"]
[Result "1-0"]
[WhiteElo "2023"]
[BlackElo "2083"]
[PlyCount "137"]
[EventDate "2007.10.14"]
[EventType "team"]
[EventRounds "11"]
[EventCountry "HUN"]
[SourceTitle "EXT 2009"]
[Source "ChessBase"]
[SourceDate "2008.11.26"]
[SourceVersion "1"]
[SourceVersionDate "2008.11.26"]
[SourceQuality "1"]
[WhiteTeam "Lovo"]
[BlackTeam "Husi"]
[WhiteTeamCountry "HUN"]
[BlackTeamCountry "HUN"]

1. c4 c5 2. Nc3 Nf6 3. g3 g6 4. Bg2 Bg7 5. e4 d6 6. Nge2 Nc6 7. 0-0 0-0 8. d3 a6 9. f4 Rb8 10. Rb1 Bd7 11. h3 Ne8 12. f5 b5 13. Kh2 bxc4 14. dxc4 Ne5 15. b3 Nf6 16. Bg5 Bc6 17. Qc2 Nfd7 18. Qd2 a5 19. Nd5 Bxd5 20. cxd5 Re8 21. Bh6 Nf6 22. Bxg7 Kxg7 23. g4 Rb4 24. Ng3 Rd4 25. Qe2 Qb6 26. g5 Nfd7 27. f6+ exf6 28. gxf6+ Nxf6 29. Rf2 Nxd5 30. exd5 Ng4+ 31. Qxg4 Rxg4 32. hxg4 Qb4 33. Rbf1 Re7 34. Rf4 Qd2 35. R1f2 Qc3 36. Rc4 Qe5 37. Rcf4 Qg5 38. R2f3 Qh4+ 39. Bh3 Qg5 40. Bf1 Qh4+ 41. Kg2 Qg5 42. Bc4 Qe5 43. a4 Qb2+ 44. Rf2 Qb1 45. Rf6 Qd1 46. Rxd6 Qxg4 47. Rdf6 Re3 48. Rxf7+ Kh6 49. R7f3 Re1 50. Rd3 Rd1 51. Rff3 Rb1 52. d6 Rb2+ 53. Rf2 Rxf2+ 54. Kxf2 Qf4+ 55. Kg2 Qg5 56. d7 Qd8 57. Bb5 Kg5 58. Bc6 Kg4 59. Ne4 Kf4 60. Nxc5 Qg5+ 61. Kf1 Qxc5 62. d8Q Qc1+ 63. Rd1 Qxc6 64. Qd6+ Qxd6 65. Rxd6 Kf5 66. Ra6 h5 67. Rxa5+ Kf4 68. Kg2 g5 69. Rxg5 1-0

[Event "HUN-chT2 Charousek 0708"]
[Site "Hungary"]
[Date "2008.04.27"]
[Round "10"]
[White "Kurics, Laszlo"]
[Black "Timko, Melinda"]
[Result "1/2-1/2"]
[WhiteElo "1979"]
[BlackElo "2083"]
[PlyCount "146"]
[EventDate "2007.10.14"]
[EventType "team"]
[EventRounds "11"]
[EventCountry "HUN"]
[SourceTitle "EXT 2009"]
[Source "ChessBase"]
[SourceDate "2008.11.26"]
[SourceVersion "1"]
[SourceVersionDate "2008.11.26"]
[SourceQuality "1"]
[WhiteTeam "Gyor Elektromos"]
[BlackTeam "Husi"]
[WhiteTeamCountry "HUN"]
[BlackTeamCountry "HUN"]

1. e4 c5 2. Nf3 e6 3. d4 cxd4 4. Nxd4 Qb6 5. Nb3 Qc7 6. Nc3 a6 7. Bd3 Nf6 8. 0-0 Be7 9. f4 d6 10. Qf3 Nbd7 11. Be3 0-0 12. Qg3 b5 13. f5 b4 14. Ne2 Ne5 15. Ned4 exf5 16. Nxf5 Bxf5 17. Rxf5 Rfe8 18. Raf1 Kh8 19. Bd4 Nc6 20. Be3 Ne5 21. Bg5 Nh5 22. Qh4 g6 23. R5f2 Qa7 24. Bxe7 Rxe7 25. Kh1 Rae8 26. Nd2 Qe3 27. Nf3 Qf4 28. Qxf4 Nxf4 29. Nxe5 dxe5 30. Bxa6 Kg7 31. Rd1 Ne6 32. Bc4 Nd4 33. c3 bxc3 34. bxc3 Rc7 35. Rxf7+ Rxf7 36. Bxf7 Kxf7 37. cxd4 Ra8 38. dxe5 Rxa2 39. Kg1 Re2 40. Rd7+ Ke6 41. Rxh7 Rxe4 42. Rh8 Kf7 43. Rh7+ Ke6 44. Rg7 Rg4 45. h3 Rg5 46. Rg8 Kf7 47. Ra8 Rxe5 48. Ra2 Re3 49. Kf2 Rd3 50. g3 Rc3 51. Kg2 Kf6 52. h4 Rd3 53. Rf2+ Kg7 54. Kh3 Rb3 55. Rf4 Rc3 56. Rd4 Rc5 57. Kg4 Rb5 58. Kf4 Rb1 59. Rd5 Kh6 60. Rd4 Rf1+ 61. Kg4 Rf5 62. Kh3 Rf3 63. Rd5 Rb3 64. Rd8 Rb4 65. Rf8 Rc4 66. Rd8 Rc5 67. Rd4 Rb5 68. Kg4 Rf5 69. Kh3 Rf3 70. Kg2 Rb3 71. Rf4 Rb2+ 72. Kf3 Rb3+ 73. Kg4 Rb5 1/2-1/2

[Event "HUN-chT2 Charousek 0708"]
[Site "Hungary"]
[Date "2007.10.14"]
[Round "1"]
[White "Szelenyi, Bence"]
[Black "Timko, Melinda"]
[Result "0-1"]
[WhiteElo "1880"]
[BlackElo "2083"]
[PlyCount "162"]
[EventDate "2007.10.14"]
[EventType "team"]
[EventRounds "11"]
[EventCountry "HUN"]
[SourceTitle "EXT 2009"]
[Source "ChessBase"]
[SourceDate "2008.11.26"]
[SourceVersion "1"]
[SourceVersionDate "2008.11.26"]
[SourceQuality "1"]
[WhiteTeam "Vizugy"]
[BlackTeam "Husi"]
[WhiteTeamCountry "HUN"]
[BlackTeamCountry "HUN"]

1. e4 c5 2. Nf3 e6 3. d4 cxd4 4. Nxd4 Qb6 5. Nb3 Qc7 6. c4 Nf6 7. f3 Nc6 8. Be3 Bd6 9. g3 Bb4+ 10. Kf2 h5 11. a3 Bd6 12. Nc3 a6 13. Be2 Be5 14. Qc2 b6 15. Rac1 Qb8 16. Na4 Bc7 17. c5 bxc5 18. Naxc5 Bb6 19. Qd2 0-0 20. Kg2 Ne5 21. Bg5 Nh7 22. Be7 Re8 23. Bd6 Bc7 24. Nxd7 Nxd7 25. Bxc7 Qxb3 26. Rc3 Qb7 27. Rhc1 Nhf6 28. Bd6 Nf8 29. Rc7 Qb6 30. R1c6 Qb8 31. Rxc8 Rxc8 32. Bxb8 Rxc6 33. Be5 N8d7 34. Bxf6 Nxf6 35. b4 Rac8 36. Bd1 R6c7 37. Qd3 Ra8 38. Ba4 Kf8 39. Qd6+ Re7 40. Bc6 Rc8 41. Bb7 Rc2+ 42. Kh3 Ne8 43. Qxa6 Rd7 44. g4 g5 45. Qb6 Rdd2 46. Qg1 e5 47. gxh5 Nf6 48. b5 Nxh5 49. Kg4 Ng7 50. Kg3 Ne6 51. Kg4 Rg2+ 52. Qxg2 Rxg2+ 53. Kf5 Nc5 54. Bd5 Rxh2 55. Kxe5 Ke7 56. Kd4 Na4 57. Bb3 Nb6 58. a4 Rb2 59. Kc3 Rf2 60. Bd1 Ra2 61. Kb4 Ra1 62. Bb3 f6 63. a5 Nd7 64. b6 Kd6 65. Bd5 Nc5 66. Kb5 Rb1+ 67. Kc4 Rb2 68. Ba8 Ra2 69. Kb5 Rb2+ 70. Kc4 Na6 71. Bb7 Nc5 72. Ba8 Rb1 73. Bd5 Nd7 74. Kc3 Ra1 75. Kb4 Rb1+ 76. Ka4 Nxb6+ 77. axb6 Rxb6 78. Ka5 Rb2 79. Ka6 Ke5 80. Bf7 Kf4 81. Bh5 Rb3 0-1

[Event "HUN-chT2 Maroczy 0607"]
[Site "Hungary"]
[Date "2006.12.17"]
[Round "4"]
[White "Fodor, Tamas"]
[Black "Timko, Melinda"]
[Result "1-0"]
[WhiteElo "2022"]
[BlackElo "2085"]
[PlyCount "91"]
[EventDate "2006.11.12"]
[EventType "team"]
[EventRounds "11"]
[EventCountry "HUN"]
[SourceTitle "EXT 2008"]
[Source "ChessBase"]
[SourceDate "2007.11.25"]
[SourceVersion "1"]
[SourceVersionDate "2007.11.25"]
[SourceQuality "1"]
[WhiteTeam "Koeszolg"]
[BlackTeam "Husi"]
[WhiteTeamCountry "HUN"]
[BlackTeamCountry "HUN"]

1. e4 c5 2. Nc3 Nc6 3. f4 d6 4. Nf3 Bg4 5. Bb5 a6 6. Bxc6+ bxc6 7. 0-0 e6 8. d3 Be7 9. h3 Bxf3 10. Qxf3 Nf6 11. g4 Nd7 12. g5 e5 13. h4 h6 14. Qg3 hxg5 15. fxg5 f6 16. Bd2 Qc7 17. Kg2 0-0-0 18. Rh1 Rh5 19. Rh3 Rdh8 20. Rah1 Qd8 21. Qg4 Kb7 22. Ne2 fxg5 23. hxg5 Rxh3 24. Rxh3 Rxh3 25. Kxh3 g6 26. c4 Nf8 27. Ng1 Qc8 28. Nf3 Qxg4+ 29. Kxg4 Ne6 30. Nh4 Nf8 31. Nf5 gxf5+ 32. exf5 Kc7 33. f6 Bd8 34. Kf5 Kd7 35. g6 Nxg6 36. Kxg6 Ke6 37. f7 Be7 38. Bh6 d5 39. f8Q Bxf8 40. Bxf8 e4 41. dxe4 dxe4 42. Bxc5 Ke5 43. Be3 Ke6 44. Kg5 Ke5 45. Kg4 a5 46. a4 1-0

[Event "HUN-chT2 Charousek 0405"]
[Site "Hungary"]
[Date "2005.04.10"]
[Round "10"]
[White "Timko, Melinda"]
[Black "Horvath, Adam2222"]
[Result "0-1"]
[WhiteElo "2068"]
[BlackElo "2010"]
[PlyCount "44"]
[EventDate "2004.09.26"]
[EventType "team"]
[EventRounds "11"]
[EventCountry "HUN"]
[SourceTitle "EXT 2008"]
[Source "ChessBase"]
[SourceDate "2007.11.25"]
[SourceVersion "1"]
[SourceVersionDate "2007.11.25"]
[SourceQuality "1"]
[WhiteTeam "Husi"]
[BlackTeam "Tapolca"]
[WhiteTeamCountry "HUN"]
[BlackTeamCountry "HUN"]

1. c4 Nf6 2. Nc3 g6 3. Nf3 Bg7 4. g3 0-0 5. Bg2 c6 6. d4 d5 7. cxd5 Nxd5 8. Bd2 Bg4 9. Ne5 Bxe5 10. dxe5 Be6 11. Ne4 Nd7 12. Ng5 Nxe5 13. Nxe6 fxe6 14. Bh3 Qb6 15. Bxe6+ Kg7 16. 0-0 Rad8 17. Qc1 Rf6 18. Bh3 Rdd6 19. Kg2 Qd4 20. f4 Nc4 21. Rd1 Nde3+ 22. Kh1 Nxd1 0-1

[Event "HUN-chT2 Charousek 0405"]
[Site "Hungary"]
[Date "2005.01.23"]
[Round "6"]
[White "Timko, Melinda"]
[Black "Horvath, Tamas4444"]
[Result "1/2-1/2"]
[WhiteElo "2068"]
[BlackElo "2160"]
[PlyCount "62"]
[EventDate "2004.09.26"]
[EventType "team"]
[EventRounds "11"]
[EventCountry "HUN"]
[SourceTitle "EXT 2008"]
[Source "ChessBase"]
[SourceDate "2007.11.25"]
[SourceVersion "1"]
[SourceVersionDate "2007.11.25"]
[SourceQuality "1"]
[WhiteTeam "Husi"]
[BlackTeam "Csuti II"]
[WhiteTeamCountry "HUN"]
[BlackTeamCountry "HUN"]

1. d4 Nf6 2. Nf3 e6 3. c4 b6 4. e3 Bb7 5. Bd3 c5 6. 0-0 Be7 7. b3 0-0 8. Bb2 cxd4 9. Nxd4 d5 10. Qf3 e5 11. Nf5 e4 12. Qg3 Nh5 13. Qg4 Bf6 14. Nc3 exd3 15. Qxh5 g6 16. Qh6 Bc8 17. Nd4 Bg5 18. Qxg5 Qxg5 19. f4 Qd8 20. f5 dxc4 21. bxc4 Bb7 22. fxg6 hxg6 23. Rf4 Qg5 24. g3 Qc5 25. Rh4 Qb4 26. Nb3 f6 27. c5 bxc5 28. Rxb4 cxb4 29. Nb5 Nd7 30. Nd6 Ba6 31. Nd4 Nc5 1/2-1/2

[Event "HUN-chT2 Maroczy 0203"]
[Site "Hungary"]
[Date "2003.04.13"]
[Round "11.10"]
[White "Csukerda, Attila"]
[Black "Timko, Melinda"]
[Result "1/2-1/2"]
[WhiteElo "2129"]
[BlackElo "2072"]
[PlyCount "96"]
[EventDate "2002.09.22"]
[EventType "team"]
[EventRounds "11"]
[EventCountry "HUN"]
[SourceTitle "EXT 2004"]
[Source "ChessBase"]
[SourceDate "2003.11.25"]
[SourceVersion "1"]
[SourceVersionDate "2003.11.25"]
[SourceQuality "1"]
[WhiteTeam "Edeleny"]
[BlackTeam "Foti"]
[WhiteTeamCountry "HUN"]
[BlackTeamCountry "HUN"]

1. d4 Nf6 2. Nf3 c5 3. c3 e6 4. Bg5 d5 5. e3 cxd4 6. exd4 Be7 7. Nbd2 0-0 8. Bd3 b6 9. Qe2 Nbd7 10. 0-0 h6 11. Bf4 Re8 12. Ne5 Nxe5 13. dxe5 Nd7 14. Qg4 Bg5 15. Nf3 Bxf4 16. Qxf4 Nc5 17. Bc2 Ba6 18. Rfd1 Be2 19. Rd4 Bxf3 20. Qxf3 Qg5 21. Re1 Nd7 22. h4 Qe7 23. Qh5 Rac8 24. Bd3 Nc5 25. Bb5 Red8 26. Rg4 Kh8 27. Rf4 Kg8 28. Re3 Rc7 29. Rg3 Kh8 30. Rfg4 Qf8 31. Rxg7 Qxg7 32. Rxg7 Kxg7 33. Qf3 Nd7 34. Bd3 Rdc8 35. Qg4+ Kh8 36. f4 Rg8 37. Qh5 Kg7 38. Kf2 Nc5 39. Bb1 Ne4+ 40. Bxe4 dxe4 41. Qe2 Rd8 42. Ke3 Rcd7 43. Kxe4 Rd2 44. Qg4+ Kf8 45. Qh5 Kg7 46. Qg4+ Kf8 47. Qh5 Kg7 48. Qg4+ Kf8 1/2-1/2

[Event "HUN-chT2 Maroczy 0203"]
[Site "Hungary"]
[Date "2003.04.06"]
[Round "10.10"]
[White "Timko, Melinda"]
[Black "Meszaros, Matyas"]
[Result "1-0"]
[WhiteElo "2072"]
[BlackElo "2230"]
[PlyCount "47"]
[EventDate "2002.09.22"]
[EventType "team"]
[EventRounds "11"]
[EventCountry "HUN"]
[SourceTitle "EXT 2004"]
[Source "ChessBase"]
[SourceDate "2003.11.25"]
[SourceVersion "1"]
[SourceVersionDate "2003.11.25"]
[SourceQuality "1"]
[WhiteTeam "Foti"]
[BlackTeam "Stat PSC II"]
[WhiteTeamCountry "HUN"]
[BlackTeamCountry "HUN"]

1. d4 Nf6 2. c4 d6 3. Nf3 g6 4. Nc3 Bf5 5. Bg5 Bg7 6. e3 c6 7. Bd3 Qa5 8. 0-0 Bxd3 9. Qxd3 Nbd7 10. b4 Qc7 11. Rab1 0-0 12. e4 Rfe8 13. Rfc1 a5 14. b5 e5 15. d5 Nc5 16. Qc2 cxb5 17. Rxb5 Nh5 18. Be3 f5 19. Bxc5 dxc5 20. Rcb1 Re7 21. Ng5 Nf4 22. exf5 e4 23. Ncxe4 Qe5 24. d6 1-0

[Event "HUN-chT2 0102"]
[Site "Hungary"]
[Date "2002.03.03"]
[Round "8"]
[White "Fodor, Tamas Sr"]
[Black "Timko, Melinda"]
[Result "1-0"]
[WhiteElo "1943"]
[BlackElo "2094"]
[PlyCount "142"]
[EventDate "2001.??.??"]
[EventType "team"]
[EventRounds "11"]
[EventCountry "HUN"]
[SourceTitle "EXT 2004"]
[Source "ChessBase"]
[SourceDate "2003.11.25"]
[SourceVersion "1"]
[SourceVersionDate "2003.11.25"]
[SourceQuality "1"]

1. d4 Nf6 2. Nc3 c5 3. d5 d6 4. e4 g6 5. Bg5 Bg7 6. Qd2 0-0 7. Bh6 a6 8. a4 Qa5 9. Bxg7 Kxg7 10. Ra3 Nbd7 11. f4 Qb4 12. Rb3 Qd4 13. Nf3 Qxd2+ 14. Nxd2 Nh5 15. g3 Nhf6 16. Nc4 b5 17. Nd2 b4 18. Nd1 Nb6 19. a5 Nbd7 20. Ne3 Ne8 21. Bd3 Nc7 22. Kf2 Nf6 23. h3 Bd7 24. Bc4 Bb5 25. Kf3 Nd7 26. g4 Bxc4 27. Ndxc4 Nb5 28. Rd3 Nd4+ 29. Kf2 Nf6 30. Nd2 Rab8 31. Re1 Nd7 32. Nb3 Nxc2 33. Nxc2 c4 34. Rde3 cxb3 35. Rxb3 Nc5 36. Rbe3 Rb5 37. Kf3 b3 38. Nd4 Rxa5 39. Nxb3 Rb5 40. Nxc5 Rxc5 41. Rc3 Rfc8 42. Rec1 Rxc3+ 43. bxc3 Kf8 44. Ke3 Ke8 45. Kd4 Kd7 46. Ra1 Ra8 47. Ra5 Kc7 48. c4 Kb6 49. Ra4 Rc8 50. e5 Rc7 51. Rb4+ Ka7 52. f5 gxf5 53. gxf5 f6 54. exf6 exf6 55. Rb3 Re7 56. c5 dxc5+ 57. Kxc5 Re5 58. Kc6 Rxf5 59. d6 Rf1 60. d7 Rc1+ 61. Kd6 Rd1+ 62. Ke7 Re1+ 63. Kxf6 Rd1 64. Ke7 Re1+ 65. Kd8 Re2 66. Rb4 Re3 67. Kc7 Rc3+ 68. Kd6 Rd3+ 69. Kc6 Rd2 70. Re4 Rc2+ 71. Kd5 Kb7 1-0